000 00619nam a22002057a 4500
001 73277
003 BD-RjUL
005 20211209082354.0
008 170529s1922 enka|||| |||| 00| 0 eng d
035 _a(BD-RjUL)73495
040 _aBD-RjUL
_beng
_cBD-RjUL
_dBD-RjUL
041 _aeng
082 _223
_a551.464
_bWAT 1922
100 1 0 _aWarburg, H. D.
_9216754
245 1 0 _aTides and tidal streams :
_ba manual compiled for the use of seamen /
_cby H. D. Warburg
260 _aCambridge :
_bCambridge University Press,
_c1922.
300 _avi, 95 p. :
_bill. ;
_c26 cm.
650 _aTides
_9214236
942 _2ddc
_cBK
999 _c73277
_d73277